000 01826nam0a2200385 4500
001 RU\NLR\bibl\1184330
005 20250615093154.0
021 _aRU
_b2007-85479
_94611
035 _a(nilc)RSL-KNO-003363824
035 _a(NLR Aleph) 001170915
090 _a1596784
_c1596784
100 _a20071205d2007 |||y0rusy50 ca
101 0 _arus
102 _aRU
105 _ay |||||||||
200 1 _aЭкономический рост потребительской кооперации: анализ и моделирование
_fТ. Г. Храмцова, Ю. Б. Бородина
_gСибирский ун-т потребительской кооп.
210 _aНовосибирск
_cСибУПК
_d2007
215 _a155 с.
_cил., табл.
_d20
320 _aБиблиогр.: с. 124-133 (142 назв.)
606 1 _aПотребительская кооперация
_xАнализ хозяйственной деятельности
_91956485
_3RU\NLR\auth\66895278
606 1 _aПотребительская кооперация
_xСтатистика
_91971140
_3RU\NLR\auth\66903224
610 0 _aЭкономика -- Экономическая статистика -- Российская Федерация -- Потребительская кооперация
686 _aУ051.9(2)421.80,0
_2rubbk
686 _aУ42(2)108-24
686 _aУ42(2)108-05
686 _aУ051.9(2)42
700 1 _4070
_7ca
_8rus
_aХрамцова
_bТ. Г.
_cд-р экон. наук
_gТатьяна Георгиевна
_9258909
_3RU\NLR\AUTH\770258965
701 1 _aБородина
_bЮ. Б.
_gЮлия Борисовна
_4070
801 0 _aRU
_bРКП
_c20071205
801 1 _aRU
_bРГБ
_c20071205
801 2 _aRU
_bNLR
_c20080206
_grcr
942 _cBOOK
980 _aNB